One piece 100 questions sur Les Mugiwaras - Statistiques

Statistiques générales
  • Ce quiz a été pris 1 284 fois
  • Le résultat moyen est 28 sur 100
Statistiques - réponses
Hint Réponse % Correct
Sur quel groove de Sabaody Zoro se rend t-il par erreur pour rejoindre le Sunny? Le Groove 1
86%
Combien d'ombre Luffy absorbe t-il à Thriller Bark ? | Combien de chasseur de prime Zoro bat il à Whisky Peak ? 100
79%
Quel est la première prime de Luffy ? 30 000 000 berrys
77%
A qui Luffy confie t-il son chapeau à Cocoyashi ? Nami
73%
Sanji est le combientième enfant Vinsmoke ? 4ème enfants
68%
Qui entraine Zoro pendant ses deux ans d'absences ? Dracule Mihawk
64%
Comment s'appelle la mère adoptive de Nami ? Belmer
62%
Quel type de personne Luffy voulait engagé en premier une fois le vogue Merry obtenue ? Un musicien
61%
Comment se fait appeler Usopp quand il est déguisé ? Sniperking
58%
Dans quel corps Nami se retrouve lors du premier Shambles de Law ? Franky
57%
Avec quel enfant de BigMom Sanji devait se marier ? Charlotte Pudding
56%
Que recherche Sanji pour réaliser son rêve ? All Blue
54%
Qui accompagne Zoro à Sabaody deux ans plus tard ? Perona
53%
Quel est la célèbre phrase prononcé par Robin à Enies Lobby ? Je veux vivre
52%
Qui a donné son nom à Chopper ? Hiluluk
51%
Qui sauve Zoro d'un dragon céleste à Sabaody? Jewerly Bonney
50%
Quel fruit Chopper a t-il mangé ? Hito Hito no Mi
49%
Qui fut le maître de Franky ? Tom
49%
Quel arme de la marine a traumatisé Robin ? Le Buster Call
47%
A quel age Robin devient docteur en archéologie ? 8 ans
46%
Avec qui Nami à faillit être marié ? Absalom
45%
Comment Usopp est il surnommé par les personnes libéré du fruit du joujou ? Dieu Usopp
45%
Quel était le nom de Robin lorsqu'elle était chez Baroque Works ? Miss AllSunday
42%
Quel fruit du démon Sanji aurait il aimé manger ? Suke Suke no Mi
42%
Qui Nami oblige t-elle à devenir son larbin à Whole Cake ? Zeus
42%
A Enies Lobby qui détient la clé des menottes de Robin ? Kaku
41%
Par qui Robin se fait elle changer en jouet ? Sugar
41%
A qui Brook a t-il fait une promesse avec son ancien équipage ? Laboon
40%
Comment Chopper est-il qualifié par la marine, expliquant sa prime peu élevé ? Un animal de compagnie
40%
Qui apprend la médecine à Chopper ? Le Dr Kureha
39%
Comment Oda voulait au départ nommé Sanji ? Naruto
37%
à Dressrosa, combien s'élève la prime d'Usopp offerte par Doflamingo? 500 000 000 berrys
36%
Que lui vole t on afin de le faire rejoindre l'équipage du chapeau de paille ? Son slip
36%
Quel insecte Luffy offre t-il à Cricket et les forces spéciales simiesques ? Un Hercule ( scarabée)
36%
Quel nom de code Sanji utilise t-il pour parler à Mr 0 ? Mr prince
35%
Quel est son surnom de star après l'ellipse ? Soul King
35%
Qui détenait son ombre ? Ryûma
33%
Quel est le rire de Brook ? Yo Ho Ho Ho
33%
Combien de temps dure l'effet d'une Rumble Ball ? 3 minutes
32%
A qui ressemble réelement le premier avis de recherche de Sanji ? Duval
32%
Qui est le maître d'Usopp pendant deux ans ? Heracles
32%
Sur quel île Usopp veut il se rendre ? Erbaf
31%
Qui avait la clé pouvant libérer Zoro et Usopp de leur menotte à Enies Lobby ? Kalifa
30%
Après la guerre au sommet, quel transformation nécessite encore l'utilisation de Rumble Ball ? Monster Point
30%
A quel âge Nami dessine t-elle sa première carte ? 10 ans
29%
Dans quel ville Usopp fait l'acquissions de ses lunettes ? Logue Town
29%
A cause de quoi Chopper se fait il chasser de son troupeau ? Son nez bleu
29%
Quel est le vrai nom de Franky ? Cutty Flam
28%
Que veut faire Zoro pour s'occuper à Sabaody 2ans plus tard ? pêcher
27%
Que Nami fait-elle promettre à Zoro et Luffy à Mock Town ? De ne pas se battre
25%
Combien de temps l'âme de Brook a t-elle erré avant de retrouver son corps ? 1 ans
24%
Comment se nomme la mère de Sanji ? Sora
24%
Combien de jours lui a t-il fallut pour construite le Thousand Sunny ? 3 jours
22%
A quel équipage Brook appartenait avant de rejoindre celui de Luffy ? L'équipage du Rumbar
22%
Combien de recette Sanji apprend il sur l'île de Kedétrav ? 99
21%
Qu'achète il avec les berrys volé à Usopp ? Du bois d'Adam
21%
Quel arme Usopp à fabriqué pour Nami et utilisé à Rainbase ? Le clima-Tact
21%
Comment Nami dit-elle s'appeler au zombie de Laura ? Namizo
21%
Quel est la dernière chanson joué par l'ancien équipage de Brook ? Le bon rhum de Binks
18%
Quel est l'aliment préféré de Chopper ? la Barbapapa
17%
Comment Robin appelle-t-elle Nami au début ? Navigatrice
17%
Quel est le seul adversaire que Sanji affronte avec des couteaux ? Wanzé
17%
Au bout de combien de jour Hermep promet de libérer Zoro? 30 jours
15%
Comment les membres de la Franky Family l'appelle -il ? Patron
15%
D'après Chopper, que sent Robin ? La fleur
14%
Ou Franky avait-il caché les plans de Pluton ? Dans son corps
13%
Que demande Chopper la première fois qu'il rencontre Sniperking ? Un autographe
13%
Quel est le nom de l'île où Luffy s'entraine pendant 2ans ? Ruskaina
12%
Que Luffy donne t-il à Baggy à Impel Down ? Un bracelet indiquant l'emplacement du trésor du captain John
12%
Au bout du combientième jour Sanji et Zeff sont sauvé du naufrage ? 85ème jours
11%
Le point faible de Luffy avant son fruit du démon La nage
11%
Combien pèse réellement le marteau de 5t de Usopp ? 2 kilos
10%
Comment se fait-elle surnommée par les enfants de son village ? De monstre
9%
Que recherche Robin ? Le Rio Ponéglyphe
9%
Quel partie de son corps Zoro essaye de se trancher sur Little Garden ? Les chevilles
9%
Comment se nomme la nouvelle arme de Usopp après l'ellipse ? Le Kabuto Noir
7%
A combien s'élève le butin confisqué à Nami par le colonel Nezumi ? 93 000 000 berrys
6%
Quel est le sabre que Zoro à hériter de Kuina ? le Wado Ichimonji
6%
Quel surnom Luffy donne t-il au jambes de Kinemon ? Papatte
6%
Quel est le métier de Franky à Water Seven ? Démolisseur
5%
Quel aliment Usopp laisse dans son assiette sur la Baratie ? Des champignons
5%
Quel métal Franky a t-il utilisé pour fabriquer le Générale Franky ? Du Wapométal
5%
Par quel formation des Exocet Riders Franky pense-t-il qu'on l'appelle ? La formation OBCD
5%
Quel est la dernière chanson lors de son dernier concert ? New world
5%
Comment se nomme l'épée canne de Brook ? Soul solid
5%
Quel est le nom du champignon que Chopper va chercher pour soigner la maladie d'Hiluluk ? Amiudake
4%
Ou est située l'île des Snipers ? Dans vos coeur
4%
Qu'est ce que Luffy veut acheter avec l'or obtenue sur Skypiea ? Une statue en bronze
4%
Qu'est ce que Brook range t-il dans son crane ? Un tone Dial
4%
Quel numéro Franky se donne t-il après s'être amélioré après l'ellipse ? BF-37
3%
Comment Zoro se fait-il appeler par Neptune ? Bozo
3%
Envers qui Chopper montre t-il un intérêt "amoureux" ? Milky
3%
Que représente le tatouage de Nami ? Une mandarine et un moulin à vent
3%
A combien s'élève la prime des Mugiwaras après les événements d'Enies Lobby (Franky inclus) ? 667 000 050 berrys
2%
Comment se nomme les blagues de Brook ? Des blagues de squelettes
2%
Quel est l'aliment que Luffy trouve "dégueu" à Mock Town ? La tarte à la cerise
2%
Quel tique pique Nami à Little Garden ? Keschia
1%
Comment Robin est-elle surnommée par Kinemon ? La courtisane
1%
Comment se nomme l'embarcation fabriqué par Usopp lors du Davy Back Fight ? Le Baril Tiger
1%
Aucun quiz correspondant
Distribution des résultats
% des personnes avec chaque résultat
Percentile par nombre de réponses
Votre historique - résultats
Vous n’avez pas pris ce quiz